Vocab Quiz Stats

 Plays Quiz not verified by Sporcle

Score 0/20 Timer 10:00
0 Plays Today
Definition Vocab Word % Correct
Keep something or someone safe from harmprotect
86.7%
A choice you make.decision
66.7%
Air moves into your lungs and out of your nose and mouth.breathe
40%
The style and design of buildings and large structures.architecture
33.3%
An area of land that borderrs an ocean or other large body of water.coast
33.3%
A small stream.creek
33.3%
To have an event to honor something.celebrate
26.7%
The way you choose to live everyday.lifestyle
26.7%
Something that is liked by many people.popular
26.7%
To help someone who is hurt or a good feeling someone is making you have.comfort
20%
Definition Vocab Word % Correct
To plan and help make it.develop
20%
To put something in place fo a long time without changing it.establish
20%
A group of people who live in a single home.household
20%
The shape and elevation of an area of land.landform
20%
To wait for something, feeling nervous and fearful.anxiously
20%
A long trip over a large body of water like an ocean.voyage
20%
Something that people will like.appeal
13.3%
Making something greate than it really is.hyperbole
13.3%
A place or area where something specific can be foundlocation
13.3%
To set something apart because it is special.distinguish
13.3%

You're not logged in!

Compare scores with friends on all Sporcle quizzes.
OR
Log In

Show Comments

Extras

Top Quizzes Today


Score Distribution

Your Account Isn't Verified!

In order to create a playlist on Sporcle, you need to verify the email address you used during registration. Go to your Sporcle Settings to finish the process.

Report this User

Report this user for behavior that violates our Community Guidelines.

Details: